Adverse possession: recent developments (Record no. 68672)
[ view plain ]
| 000 -LEADER | |
|---|---|
| fixed length control field | 01030cam a2200241 4500 |
| 001 - CONTROL NUMBER | |
| control field | ABS64728 |
| 008 - FIXED-LENGTH DATA ELEMENTS--GENERAL INFORMATION | |
| fixed length control field | 011025n2001 000 0 eng u |
| 035 ## - SYSTEM CONTROL NUMBER | |
| System control number | (Sirsi) u115308 |
| 100 ## - MAIN ENTRY--PERSONAL NAME | |
| Personal name | Daley, H |
| 245 ## - TITLE STATEMENT | |
| Title | Adverse possession: recent developments |
| 260 ## - PUBLICATION, DISTRIBUTION, ETC. | |
| Date of publication, distribution, etc. | 2001 |
| 490 ## - SERIES STATEMENT | |
| Series statement | New Law Journal |
| Volume/sequential designation | 151(7002) 5 October 2001, 1447-1448(2) |
| 520 ## - SUMMARY, ETC. | |
| Summary, etc. | Examines the current position on adverse possession. Discusses "JA Pye (Oxford) Ltd v Graham" and "Mayor and Burgesses of Lambeth LBC v Blackburn" which both address the issue of squatters property rights under the Human Rights Act 1998. Summarises the Law Commission's proposals to reform statutory limitation periods and registered land to restrict squatters rights. |
| 590 ## - LOCAL NOTE (RLIN) | |
| Local note | ABS |
| 650 ## - SUBJECT ADDED ENTRY--TOPICAL TERM | |
| Topical term or geographic name entry element | ADVERSE POSSESSION |
| 650 ## - SUBJECT ADDED ENTRY--TOPICAL TERM | |
| Topical term or geographic name entry element | SQUATTERS |
| 650 ## - SUBJECT ADDED ENTRY--TOPICAL TERM | |
| Topical term or geographic name entry element | JA PYE (OXFORD) LTD V GRAHAM |
| 650 ## - SUBJECT ADDED ENTRY--TOPICAL TERM | |
| Topical term or geographic name entry element | HUMAN RIGHTS ACT 1998 |
| 650 ## - SUBJECT ADDED ENTRY--TOPICAL TERM | |
| Topical term or geographic name entry element | LIMITATION ACT 1980 |
| 650 ## - SUBJECT ADDED ENTRY--TOPICAL TERM | |
| Topical term or geographic name entry element | MAYOR AND BURGESSES OF LAMBETH LBC V BLACKBURN |
| 690 ## - LOCAL SUBJECT ADDED ENTRY--TOPICAL TERM (OCLC, RLIN) | |
| Topical term or geographic name as entry element | PROPERTY |
| 942 ## - ADDED ENTRY ELEMENTS (KOHA) | |
| Suppress in OPAC | 0 |
| Withdrawn status | Lost status | Source of classification or shelving scheme | Damaged status | Not for loan | Home library | Current library | Shelving location | Date acquired | Total Checkouts | Full call number | Barcode | Date last seen | Copy number | Price effective from | Koha item type |
|---|---|---|---|---|---|---|---|---|---|---|---|---|---|---|---|
| Dewey Decimal Classification | London | London | Journal article | 25/10/2001 | ABS64728 | 115308-1001 | 06/08/2019 | 1 | 06/08/2019 | Journal article |